02081nam a2200349 450000100030000000300040000300500170000700800410002404000080006504100130007308200150008610000390010124000240014024501120016425000200027626000320029630000110032849000340033950000580037352010970043165000250152865000140155365000130156765000130158065000210159365000150161465000100162965500120163965500160165170000300166783000340169767OSt20250528074010.0250123b |||||||j |||| 00| 1 eng d bpor hengapor a813bB811b1 aBradley, Marion Zimmer,d1930-1999 aThe Mists of Avalon aAs brumas de Avalon:bO prisioneiro da Árvore /cBradley, Marion Zimmer ; Tradução de Waltensir Dutra a10° edição aRio de JaneirobImagoc1985 a283 p.1 aAs Brumas de Avalonvlivro 04 aO prisioneiro da Árvore Sequência de: O Gamo-Rei aO quarto livro encontra Morgana se aproximando do destino que a colocará intratavelmente contra Arthur — seu amante, irmão e agora inimigo. Retornando a Camelot durante a Festa de Pentecostes, Morgana acusa Arthur de comprometer a coroa e exige que ele devolva Excalibur a ela. Quando ele se recusa, Morgana organiza um confronto entre seu amante, Acolon, e Arthur no reino das Fadas, resultando na morte de Acolon. De luto e ainda sem Excalibur, Morgana faz uma retirada apressada para Avalon. Quando ela finalmente retorna a Camelot, é para recuperar as Sagradas Regalias de Avalon, agora sendo usadas em uma missa cristã. Enfurecida com essa traição, Morgana invoca a magia da Senhora, o que resulta no misterioso "desaparecimento" do cálice sagrado, levando os companheiros da Távola Redonda a embarcar em uma busca de 12 meses para encontrá-lo. Os eventos saem do controle quando Lancelote retorna, retoma seu relacionamento adúltero com Gwenhwyfar e é finalmente exposto. O romance termina com a morte do Rei Veado e o tão esperado retorno de Morgana a Avalon. 0aLiteratura Americana 0aMedieval  0aFantasia 0aAventura 0aSeres mágicos  0aMitologia  0aFilme 0aRomance 0aFicção  aWaltensir DutraeTradutor aAs Brumas de AvalonvLivro 04